| 000 | 00962nam a22002417a 4500 | ||
|---|---|---|---|
| 005 | 20150717140006.0 | ||
| 008 | 131125s2012 xxua frn 001 0 eng | ||
| 020 | _a0199915997 | ||
| 020 | _a9780199915996 | ||
| 040 |
_aCO-BoUCM _bspa _c[Nuevo] _dAldemar Mondragón |
||
| 041 | 0 | 0 | _aeng |
| 100 | 1 |
_aStanton, Thomas H. _d1944- _951243 |
|
| 245 | 1 | 0 |
_aWhy some firms thrive while others fail governance and management lessons from the crisis _cThomas H. Stanton |
| 260 |
_aNew York (Estados Unidos) _bOxford University Press _c2012 |
||
| 300 |
_axii, 278 páginas _bilustraciones |
||
| 504 | _aIncluye referencias bibliográficas e índices | ||
| 650 | 7 |
_aAdministración industrial _zEstados Unidos _951245 |
|
| 650 | 7 |
_aCorporaciones _zEstados Unidos _951244 |
|
| 650 | 7 |
_aCrissi financiera mundial, 2008-2009 _950745 |
|
| 690 |
_942869 _aMacroeconomía |
||
| 942 |
_a7 _cLIBROREF _e1 _mS792w _kR _2DEWEY _h338.50973 |
||
| 999 |
_c180598 _d180598 |
||